II. Interdiszciplináris vallástudományi hallgatói konferencia absztrakt kötet

Elmentve itt :
Bibliográfiai részletek
Testületi szerző: Interdiszciplináris vallástudományi hallgatói konferencia (2.)
További közreműködők: Barcsa Krisztina
Fülöp Tiffany
Dokumentumtípus: Könyv része
Megjelent: Szegedi Tudományegyetem Bölcsészet- és Társadalomtudományi Kar Vallástudományi Tanszék Szeged 2019
Sorozat:Interdiszciplináris vallástudományi hallgatói konferencia : absztrakt kötet 2
Kulcsszavak:Vallástudomány - előadáskivonatok
Tárgyszavak:
Online Access:http://acta.bibl.u-szeged.hu/66438
LEADER 01073naa a2200229 i 4500
001 acta66438
005 20230531100011.0
008 200124s2019 hu o 1|| hun d
020 |a 978-963-306-659-1 
040 |a SZTE Egyetemi Kiadványok Repozitórium  |b hun 
041 |a hun 
245 0 0 |a II. Interdiszciplináris vallástudományi hallgatói konferencia   |h [elektronikus dokumentum] :  |b absztrakt kötet 
260 |a Szegedi Tudományegyetem Bölcsészet- és Társadalomtudományi Kar Vallástudományi Tanszék  |b Szeged  |c 2019 
300 |a 27 
490 0 |a Interdiszciplináris vallástudományi hallgatói konferencia : absztrakt kötet  |v 2 
650 4 |a Bölcsészettudományok 
650 4 |a Filozófia, etika és vallástudományok 
695 |a Vallástudomány - előadáskivonatok 
700 0 1 |a Barcsa Krisztina 
700 0 1 |a Fülöp Tiffany 
711 |a Interdiszciplináris vallástudományi hallgatói konferencia (2.)  |c Szeged  |d 2019. május 18. 
856 4 0 |u http://acta.bibl.u-szeged.hu/66438/1/2019_ii_interdiszciplinaris_vallastudomanyi_konf.pdf  |z Dokumentum-elérés